000 00431nab a2200145Ia 4500
003 ES-SlBCS
005 20210601125451.0
008 140529s1983-84 xxu||||| |||| 00| 0 eng d
041 _aeng
100 1 _aGregor, Mary J.
_9158993
245 0 0 _aBaumgarten's Aesthetica
_c Mary J. Gregor
600 1 4 _aBaumgarten, Alexander Gottlieb
_937401
773 0 _tReview of Methaphysics
_gvol. 37, 1983-84, págs. 357-386
_wRev843
942 _cAR
999 _c530810
_d530810